| 000 | 00660nam a2200205Ia 4500 | ||
|---|---|---|---|
| 003 | IN-BaIIA | ||
| 008 | 211028s9999 xx 000 0 eng d | ||
| 040 | _cIIA Library | ||
| 080 |
_a537.59(047.1) _bPRO-VIII |
||
| 245 | 0 |
_aProgress in elementary particle and cosmic ray physics _bvol. vii _cedited by J.G. Wilson and S.A. Wouthuysen. |
|
| 260 |
_aAmsterdom _bNorth-Holland _c1965 |
||
| 300 | _ax, 393p. | ||
| 490 | _aSeries in physics | ||
| 650 |
_aCosmic ray physics _92919 |
||
| 650 |
_aElementary particle physics interactions _94731 |
||
| 650 | _aNASA Thesaurus | ||
| 700 |
_a Wouthuysen, S.A. ed. _94732 |
||
| 700 | _aWilson, J. G., ed. | ||
| 942 | _cBK | ||
| 999 |
_c2654 _d2654 |
||